| 000 | 00759nam a2200193 a 4500 | ||
|---|---|---|---|
| 008 | 150622s2005 ||||||||||||||||| || u | ||
| 020 | _a9781850970774 | ||
| 050 | _aRK 529 Bar | ||
| 100 | _aBrunton, Paul A | ||
| 245 | 1 | 0 |
_aAesthetic dentistry: operative dentistry -2 _cBy David Bartlett and Paul A Brunton |
| 260 |
_aLondon: _bQuintessence Publishing Co. Ltd _c2005 |
||
| 300 | _a100p.: ill. | ||
| 350 | _a54.00 | ||
| 490 | _aQuintessentials of dental practice | ||
| 650 | _aANESTHESIA, DENTAL | ||
| 650 | _aANESTHESIA IN DENTISTRY | ||
| 700 | _aBartlett, David | ||
| 995 |
_aMICHAEL CHILUFYA SATA OPEN ACCESS _e902990 _FCBU-SCHOOL OF MEDICINE LIBRARY (Ndola) _I54.00 _jRK 529 Bar _M1 _UAVAILABLE _WJun 25, 2015 _y902990 _ZMedical Library Open Access Collection |
||
| 999 |
_c30717 _d30717 |
||